Experiencia de lo sagrado y tradiciones religiosas. Estudio de fenomenología de la religión

Gardado en:
Detalles Bibliográficos
Autor Principal: Croatto, José Severino (Author)
Formato: Libro
Idioma:Lingua castelá
Publicado: Pamplona, España Verbo Divino 2002
Subjects:
Tags: Engadir etiqueta
Sen Etiquetas, Sexa o primeiro en etiquetar este rexistro!

MARC

LEADER 00000cam a2200000 a 4500
001 UCL8022
003 CL-VaPUC
005 20210105001201.0
008 040611e20020000SP |||||||||||||||||spa|d
020 |a 8481695009 
040 |c Pontificia Universidad Católica de Valparaíso 
082 0 4 |a 230.01 CRO 2002  |2 21 
100 0 |a Croatto, José Severino  |e author  |9 485933 
245 1 0 |a Experiencia de lo sagrado y tradiciones religiosas.  |b Estudio de fenomenología de la religión 
260 |a Pamplona, España   |b Verbo Divino  |c 2002 
300 |a 613 páginas  
583 |a last modification  |c 20150821 12:17:32  |k Rodrigo Vera 
650 0 |a Filosofía cristiana   |9 265980 
650 0 |a Naturaleza humana   |9 308593 
650 0 |a Creencias religiosas   |9 373391 
650 0 |a Mitología   |9 255719 
942 |c BK  |2 ddc 
945 |d 20040611 00:00:00  |a cmena 
999 |c 309508  |d 309506 
952 |0 0  |1 0  |4 0  |6 230_010000000000000_CRO_2002  |7 0  |8 A  |9 377004  |a BIBTEO  |b BIBTEO  |d 2019-11-21  |i 4025091  |o 230.01 CRO 2002  |p 4025091  |r 2025-01-17  |w 2019-11-21  |y BK  |k ICR 
952 |0 0  |1 0  |3 erb  |4 0  |6 230_010000000000000_CRO_2002  |7 0  |8 A  |9 377005  |a BIBTEO  |b BIBTEO  |i 5194911  |o 230.01 CRO 2002  |p 5194911  |r 2025-01-17  |w 2019-11-21  |y BK  |z Catalogado en:20150827  |k ICR